Imitation costs and patents (Registro nro. 26647)

Detalles MARC
000 -LEADER
fixed length control field 00371 a2200133 4500
001 - CONTROL NUMBER
control field ART_29048
005 - DATE AND TIME OF LATEST TRANSACTION
control field 20260410161909.0
008 - FIXED-LENGTH DATA ELEMENTS--GENERAL INFORMATION
fixed length control field 260409a
100 1# - MAIN ENTRY--PERSONAL NAME
Personal name Mansfield, Edwin
245 10 - TITLE STATEMENT
Title Imitation costs and patents
700 1# - ADDED ENTRY--PERSONAL NAME
Personal name Schwartz, M.
700 1# - ADDED ENTRY--PERSONAL NAME
Personal name Wagner, S.
773 0# - HOST ITEM ENTRY
Title The Economic Journal
Related parts - Vol. 91, Nº 364 (dic. 1981)
Record control number REV12512

No hay ítems disponibles.